000 03161nam a22003017a 4500
005 20100210101130.0
010 _aB-411177-185
020 _c500.00
_a9788189924195
035 _aB-411177-185
037 _bजयभारती प्रकाशन/PUB
082 _a420
100 _aनारायण, गणपतिभोट्ल राम
_922672
245 _aकामकाजी हिन्दी शब्द-संरचनाः
_cगणपतिभोट्ल राम नारायण
_bअर्थ-व्यंजना, अनुवाद, राष्ट्रीय-ग्रह्माता एवं व्यावहारिक प्रयोग की दृष्टि से /
260 _aइलाहाबाद
_bजयभारती प्रकाशन
_c2008
270 _a267 बी, माया प्रेस रोड
_bइलाहाबाद
_e211003
300 _aवि.पृ
_c22सेमी (सजिल्द)
942 _2ddc
_cHN
_mनाराय
_h420
999 _c33852
_d33852